[Event "3MCR_4D_1L_2S"]
[Site "?"]
[Date "1999.??.??"]
[Round "2"]
[White "Zatloukal, Petr"]
[Black "Vrkoc, David"]
[Result "1/2-1/2"]
[WhiteElo "2000"]
[BlackElo "2195"]
[PlyCount "90"]
[EventDate "1999.??.??"]
[EventType "corr"]

1. e4 c5 2. Nc3 d6 3. g3 Nc6 4. Bg2 g6 5. d3 Bg7 6. Be3 e6 7. Qd2 Rb8 8. Nf3 b5
9. Nd1 Bb7 10. c3 b4 11. O-O Nf6 12. Bh6 Bxh6 13. Qxh6 bxc3 14. bxc3 Ba6 15.
Ne1 Ne5 16. Qd2 O-O 17. f4 Nc6 18. Ne3 Qc7 19. Nf3 Rb6 20. Rab1 Rxb1 21. Rxb1
c4 22. Ne1 cxd3 23. Nxd3 Rc8 24. Nf2 Na5 25. Rc1 Qc5 26. h3 Nc4 27. Nxc4 Bxc4
28. Kh2 e5 29. f5 Qa3 30. Rc2 Kg7 31. Nd1 h6 32. Rb2 g5 33. Ne3 Rc6 34. Rc2 Qa6
35. h4 gxh4 36. gxh4 Rb6 37. Bf3 Kh7 38. Ng4 Nxg4+ 39. Bxg4 Bd3 40. Be2 Bxe2
41. Qxe2 Qxe2+ 42. Rxe2 Rc6 43. Rg2 Rc8 44. Rd2 Rxc3 45. Rxd6 Re3 1/2-1/2

[Event "3MCR_4D_1L_2S"]
[Site "?"]
[Date "1999.??.??"]
[Round "2"]
[White "Matousek, Jan_ml."]
[Black "Trexler, Evzen"]
[Result "1-0"]
[WhiteElo "2240"]
[BlackElo "2335"]
[PlyCount "93"]
[EventDate "1999.??.??"]
[EventType "corr"]

1. d4 Nf6 2. c4 g6 3. Nc3 Bg7 4. e4 d6 5. f3 O-O 6. Be3 Nc6 7. Nge2 a6 8. Qd2
Rb8 9. Bh6 Bxh6 10. Qxh6 e5 11. O-O-O b5 12. h4 exd4 13. Nxd4 Nxd4 14. Rxd4 Nh5
15. g4 Ng3 16. Rg1 Nxf1 17. Rxf1 Be6 18. f4 Bxc4 19. Rfd1 Rb6 20. f5 Rc6 21. g5
Kh8 22. h5 b4 23. Rh1 gxf5 24. exf5 Rg8 25. g6 Rg7 26. Qf4 fxg6 27. f6 Rg8 28.
Rxc4 Rxc4 29. Qxc4 Qxf6 30. hxg6 Qg5+ 31. Kd1 Qxg6 32. Qd4+ Rg7 33. Qxb4 Qg4+
34. Qxg4 Rxg4 35. Rh5 Kg7 36. Ra5 Kf7 37. Rxa6 Ke6 38. a4 Rg1+ 39. Kd2 Rg2+ 40.
Ne2 Rg8 41. b4 h5 42. b5 h4 43. Ra7 Rc8 44. a5 h3 45. Nf4+ Ke5 46. Nxh3 Rb8 47.
b6 1-0

[Event "3MCR_4D_1L_2S"]
[Site "?"]
[Date "1999.??.??"]
[Round "2"]
[White "Kopec, Ladislav"]
[Black "Galuska, Josef"]
[Result "1/2-1/2"]
[WhiteElo "2280"]
[BlackElo "2335"]
[PlyCount "112"]
[EventDate "1999.??.??"]
[EventType "corr"]

1. e4 e6 2. d4 d5 3. Nd2 c5 4. exd5 exd5 5. Ngf3 Nc6 6. Bb5 Bd6 7. O-O Nge7 8.
dxc5 Bxc5 9. Nb3 Bd6 10. Re1 O-O 11. Bg5 Bg4 12. Bh4 Re8 13. Bg3 Bxg3 14. hxg3
Qb6 15. a4 h6 16. Qd2 Bxf3 17. gxf3 Rad8 18. Bd3 Nc8 19. a5 Qb4 20. Qxb4 Nxb4
21. Rxe8+ Rxe8 22. Bb5 Re7 23. c3 Nd6 24. Bf1 Nc6 25. f4 Rc7 26. Bg2 Ne7 27.
Kf1 Nc4 28. Ra2 g5 29. fxg5 hxg5 30. Nd4 a6 31. b3 Ne5 32. Ne2 Nd7 33. Rd2 Nf6
34. b4 Kg7 35. Rd3 Rc4 36. Ke1 Ne4 37. Bxe4 Rxe4 38. Kd2 Re5 39. Nd4 Kg6 40.
Nb3 Nc8 41. Re3 f6 42. g4 Nd6 43. Kd3 Nc4 44. Re2 Rxe2 45. Kxe2 f5 46. f3 Kf6
47. Nc5 Nd6 48. Ke3 Ke5 49. Nd3+ Ke6 50. Kd4 Nb5+ 51. Kc5 fxg4 52. fxg4 Nxc3
53. Kb6 d4 54. Kxb7 Kd5 55. Nb2 Nb5 56. Kb6 Kd6 1/2-1/2

[Event "3MCR_4D_1L_3S"]
[Site "?"]
[Date "1999.??.??"]
[Round "3"]
[White "Hladecek, Miloslav"]
[Black "Soucha, Stepan"]
[Result "0-1"]
[WhiteElo "2135"]
[BlackElo "2265"]
[PlyCount "40"]
[EventDate "1999.??.??"]
[EventType "corr"]

1. d4 d5 2. c4 e6 3. Nc3 Be7 4. cxd5 exd5 5. Bf4 Nf6 6. e3 Bf5 7. Qb3 Nc6 8.
Qxb7 Nb4 9. Bb5+ Kf8 10. Rd1 Bd6 11. Bxd6+ cxd6 12. Bf1 Rb8 13. Qxa7 g6 14. Qa4
Nc2+ 15. Kd2 Rxb2 16. Kc1 Rb4 17. Qc6 Qb8 18. g4 Nxg4 19. Be2 Kg7 20. Bxg4 Rc8
0-1

[Event "3MCR_4D_1L_3S"]
[Site "?"]
[Date "1999.??.??"]
[Round "3"]
[White "Adamcik, Martin"]
[Black "Svihel, Karel"]
[Result "1/2-1/2"]
[WhiteElo "2215"]
[BlackElo "2300"]
[PlyCount "39"]
[EventDate "1999.??.??"]
[EventType "corr"]

1. d4 Nf6 2. c4 c5 3. Nf3 cxd4 4. Nxd4 e5 5. Nb5 d5 6. cxd5 Bc5 7. N5c3 O-O 8.
e3 e4 9. a3 a5 10. Nd2 Qe7 11. g3 Bf5 12. Bg2 Nbd7 13. O-O Rac8 14. Nc4 Ne5 15.
Nxe5 Qxe5 16. f4 exf3 17. Qxf3 Bg4 18. Qf4 Rfe8 19. h3 Bd7 20. Kh2 1/2-1/2

[Event "3MCR_4D_1L_3S"]
[Site "?"]
[Date "1999.??.??"]
[Round "3"]
[White "Hybl, Vladislav"]
[Black "Pletanek, Jan"]
[Result "1/2-1/2"]
[WhiteElo "2200"]
[BlackElo "2445"]
[PlyCount "48"]
[EventDate "1999.??.??"]
[EventType "corr"]

1. d4 Nf6 2. c4 g6 3. Nc3 Bg7 4. e4 d6 5. f3 O-O 6. Be3 Nc6 7. Nge2 a6 8. Qd2
Rb8 9. Nc1 e5 10. d5 Nd4 11. N1e2 c5 12. dxc6 bxc6 13. Nxd4 exd4 14. Bxd4 d5
15. cxd5 cxd5 16. exd5 Rb4 17. Rd1 Re8+ 18. Be2 Ne4 19. fxe4 Bxd4 20. Qxd4 Rxd4
21. Rxd4 Qg5 22. Kf2 Qf6+ 23. Ke3 Qg5+ 24. Kf2 Qf6+ 1/2-1/2

[Event "3MCR_4D_1L_3S"]
[Site "?"]
[Date "1999.??.??"]
[Round "3"]
[White "Pletanek, Jan"]
[Black "Svihel, Karel"]
[Result "1/2-1/2"]
[WhiteElo "2445"]
[BlackElo "2300"]
[PlyCount "57"]
[EventDate "1999.??.??"]
[EventType "corr"]

1. e4 c5 2. Nf3 d6 3. d4 cxd4 4. Nxd4 Nf6 5. Nc3 g6 6. Be3 Bg7 7. f3 Nc6 8. Qd2
O-O 9. O-O-O Bd7 10. g4 Rc8 11. h4 h5 12. Nd5 Nxd5 13. exd5 Nxd4 14. Bxd4 Bxd4
15. Qxd4 hxg4 16. h5 Bf5 17. Bd3 Qb6 18. Qf4 Bxd3 19. Rxd3 Qf2 20. c3 Qg2 21.
Re1 gxf3 22. Rxf3 Rc4 23. Qe3 Rg4 24. hxg6 Rxg6 25. Rf5 e5 26. dxe6 fxe6 27.
Rxf8+ Kxf8 28. Qxa7 Ke7 29. Qb6 1/2-1/2

[Event "3MCR_4D_1L_3S"]
[Site "?"]
[Date "1999.??.??"]
[Round "3"]
[White "Symersky, Petr"]
[Black "Pletanek, Jan"]
[Result "1/2-1/2"]
[WhiteElo "2200"]
[BlackElo "2445"]
[PlyCount "38"]
[EventDate "1999.??.??"]
[EventType "corr"]

1. d4 Nf6 2. c4 c6 3. Nf3 d5 4. Nc3 dxc4 5. e3 b5 6. a4 b4 7. Nb1 Ba6 8. Be2 e6
9. O-O Be7 10. Nbd2 c3 11. bxc3 bxc3 12. Nb1 Qa5 13. Ne5 Bxe2 14. Qxe2 O-O 15.
Nc4 Qa6 16. Nxc3 Nbd7 17. Ba3 Bxa3 18. Nxa3 Qxe2 19. Nxe2 c5 1/2-1/2

[Event "3MCR_4D_1L_3S"]
[Site "?"]
[Date "1999.??.??"]
[Round "3"]
[White "Kropik, Jan"]
[Black "Svihel, Karel"]
[Result "1/2-1/2"]
[WhiteElo "2010"]
[BlackElo "2300"]
[PlyCount "71"]
[EventDate "1999.??.??"]
[EventType "corr"]

1. e4 c5 2. Nf3 d6 3. d4 cxd4 4. Nxd4 Nf6 5. Nc3 g6 6. Be3 Bg7 7. f3 Nc6 8. Qd2
O-O 9. Bc4 Bd7 10. O-O-O Rc8 11. Bb3 Ne5 12. h4 h5 13. Bg5 Rc5 14. f4 Nc4 15.
Qd3 b5 16. e5 Ng4 17. exd6 Rxg5 18. fxg5 Nf2 19. Qe2 Nxd1 20. dxe7 Nxc3 21. Qe1
Qb6 22. exf8=Q+ Bxf8 23. Qxc3 Bg7 24. Rd1 Bg4 25. Rd3 Be2 26. Bxc4 Bxd3 27.
Bxd3 Bxd4 28. Qc8+ Kg7 29. Qe8 Be3+ 30. Kb1 Bxg5 31. Qxb5 Qg1+ 32. Bf1 Bxh4 33.
Qd3 Qf2 34. c3 Bf6 35. Qe2 Qf4 36. a3 1/2-1/2

[Event "3MCR_4D_1L_3S"]
[Site "?"]
[Date "1999.??.??"]
[Round "3"]
[White "Priesol, Daniel"]
[Black "Kropik, Jan"]
[Result "1/2-1/2"]
[WhiteElo "2230"]
[BlackElo "2010"]
[PlyCount "62"]
[EventDate "1999.??.??"]
[EventType "corr"]

1. e4 c5 2. c3 d5 3. exd5 Qxd5 4. d4 e6 5. Nf3 Nf6 6. Nbd2 Nc6 7. Bc4 Qd8 8.
dxc5 Bxc5 9. O-O O-O 10. Qe2 Qc7 11. Ne4 Be7 12. Bg5 Nxe4 13. Qxe4 Ne5 14. Bxe7
Nxf3+ 15. Qxf3 Qxe7 16. Rad1 Qc7 17. Rd4 Bd7 18. Qd3 Bc6 19. Rd1 Rac8 20. Bb3
Qa5 21. Rh4 h6 22. Bc2 Rfd8 23. Rd4 Rxd4 24. Qh7+ Kf8 25. Rxd4 Qg5 26. g3 Ke7
27. Bb3 Qe5 28. Qd3 Rd8 29. Rxd8 Qe1+ 30. Qf1 Qxf1+ 31. Kxf1 Kxd8 1/2-1/2

[Event "3MCR_4D_1L_3S"]
[Site "?"]
[Date "1999.??.??"]
[Round "3"]
[White "Symersky, Petr"]
[Black "Priesol, Daniel"]
[Result "1/2-1/2"]
[WhiteElo "2200"]
[BlackElo "2230"]
[PlyCount "42"]
[EventDate "1999.??.??"]
[EventType "corr"]

1. d4 Nf6 2. Nf3 d5 3. g3 Bf5 4. Bg2 e6 5. O-O Nbd7 6. c4 c6 7. Nc3 Be7 8. Nd2
h6 9. e4 dxe4 10. Ndxe4 O-O 11. Qe2 Nxe4 12. Nxe4 Nf6 13. Rd1 Bxe4 14. Bxe4
Nxe4 15. Qxe4 Bg5 16. f4 Bf6 17. Be3 Qd6 18. Rd2 Rad8 19. Rad1 Rfe8 20. b3 g6
21. Qf3 b6 1/2-1/2

[Event "3MCR_4D_1L_3S"]
[Site "?"]
[Date "1999.??.??"]
[Round "3"]
[White "Soucha, Stepan"]
[Black "Riha, Jan"]
[Result "1-0"]
[WhiteElo "2265"]
[BlackElo "2305"]
[PlyCount "59"]
[EventDate "1999.??.??"]
[EventType "corr"]

1. d4 Nf6 2. c4 c5 3. d5 e6 4. Nc3 exd5 5. cxd5 d6 6. e4 g6 7. f4 Bg7 8. Bb5+
Nfd7 9. a4 O-O 10. Nf3 Na6 11. O-O Nb4 12. Re1 a6 13. Bf1 Re8 14. h3 b6 15. Qb3
Bb7 16. Bd2 Nf6 17. Rad1 Qd7 18. Bc4 Rad8 19. e5 dxe5 20. fxe5 Nfxd5 21. Bg5
Qe6 22. Bxd8 Rxd8 23. Nxd5 Bxd5 24. Ng5 Qf5 25. Nxf7 Qxf7 26. Bxd5 Nxd5 27. e6
Qe7 28. Rxd5 Bd4+ 29. Kh1 Re8 30. Rd7 1-0

[Event "3MCR_4D_1L_3S"]
[Site "?"]
[Date "1999.??.??"]
[Round "3"]
[White "Kropik, Jan"]
[Black "Hala, Martin"]
[Result "0-1"]
[WhiteElo "2010"]
[BlackElo "2435"]
[PlyCount "62"]
[EventDate "1999.??.??"]
[EventType "corr"]

1. e4 e5 2. Nf3 Nc6 3. Bc4 Nf6 4. d4 exd4 5. e5 d5 6. Bb5 Ne4 7. Nxd4 Bc5 8.
Be3 Bd7 9. Bxc6 bxc6 10. Nd2 Ng5 11. Nxc6 Bxc6 12. Bxc5 d4 13. Qg4 Ne6 14. Ba3
h5 15. Qg3 h4 16. Qg4 h3 17. f3 hxg2 18. Qxg2 Qd5 19. O-O-O O-O-O 20. Kb1 d3
21. Ne4 Qxe5 22. cxd3 f5 23. Rc1 fxe4 24. Rxc6 exd3 25. Qg4 d2 26. Rd1 Rhe8 27.
Qa4 Nd4 28. Qa6+ Kb8 29. Rc5 Rd5 30. Qg6 Rxc5 31. Bxc5 Qe2 0-1

[Event "3MCR_4D_1L_3S"]
[Site "?"]
[Date "1999.??.??"]
[Round "3"]
[White "Kropik, Jan"]
[Black "Soucha, Stepan"]
[Result "1/2-1/2"]
[WhiteElo "2010"]
[BlackElo "2265"]
[PlyCount "56"]
[EventDate "1999.??.??"]
[EventType "corr"]

1. e4 e5 2. Nc3 Nc6 3. Bc4 Nf6 4. d3 Na5 5. Bb3 Nxb3 6. axb3 d5 7. exd5 Bb4 8.
Bd2 Nxd5 9. Nf3 Nxc3 10. bxc3 Bd6 11. O-O O-O 12. Qe2 Bf5 13. Rfe1 Re8 14. Ng5
Qd7 15. Ne4 a6 16. c4 f6 17. Nxd6 cxd6 18. Qf3 Rac8 19. c3 Bg6 20. d4 Bc2 21.
Ra3 exd4 22. cxd4 Rxe1+ 23. Bxe1 d5 24. c5 Re8 25. Bc3 Re4 26. b4 Qb5 27. h3
Qd3 28. Qxd3 Bxd3 1/2-1/2

[Event "3MCR_4D_1L_3S"]
[Site "?"]
[Date "1999.??.??"]
[Round "3"]
[White "Pletanek, Jan"]
[Black "Vicenec, Roman"]
[Result "1-0"]
[WhiteElo "2445"]
[BlackElo "2000"]
[PlyCount "47"]
[EventDate "1999.??.??"]
[EventType "corr"]

1. e4 c5 2. Nf3 d6 3. d4 cxd4 4. Nxd4 Nf6 5. Nc3 a6 6. Bg5 e6 7. f4 Be7 8. Qf3
Qc7 9. O-O-O Nbd7 10. g4 b5 11. Bxf6 Nxf6 12. g5 Nd7 13. f5 Nc5 14. f6 gxf6 15.
gxf6 Bf8 16. Rg1 h5 17. a3 Bd7 18. Bh3 Rc8 19. Rg2 Qb6 20. Rdg1 b4 21. Rg8 Rxg8
22. Rxg8 bxc3 23. b4 Nd3+ 24. Qxd3 1-0

[Event "3MCR_4D_1L_3S"]
[Site "?"]
[Date "1999.??.??"]
[Round "3"]
[White "Priesol, Daniel"]
[Black "Pletanek, Jan"]
[Result "1/2-1/2"]
[WhiteElo "2230"]
[BlackElo "2445"]
[PlyCount "50"]
[EventDate "1999.??.??"]
[EventType "corr"]

1. e4 c5 2. c3 d6 3. d4 Nf6 4. Bd3 Nc6 5. d5 Ne5 6. Bc2 e6 7. f4 Nc4 8. b3 Nb6
9. dxe6 Bxe6 10. c4 Nxe4 11. Bxe4 Qf6 12. Bxb7 Qxa1 13. Bxa8 Nxa8 14. Qc2 Qf6
15. Nc3 Be7 16. Nge2 Qg6 17. Qxg6 hxg6 18. O-O Nc7 19. Rd1 Kd7 20. Ne4 Kc6 21.
Ng5 Bg4 22. Re1 Re8 23. Nc3 Bxg5 24. Rxe8 Bf6 25. Re3 Bd4 1/2-1/2

[Event "3MCR_4D_1L_3S"]
[Site "?"]
[Date "1999.??.??"]
[Round "3"]
[White "Fiala, Jaroslav"]
[Black "Priesol, Daniel"]
[Result "1/2-1/2"]
[WhiteElo "2445"]
[BlackElo "2230"]
[PlyCount "47"]
[EventDate "1999.??.??"]
[EventType "corr"]

1. c4 Nf6 2. Nf3 e6 3. d4 d5 4. Nc3 c6 5. e3 Nbd7 6. Bd3 dxc4 7. Bxc4 b5 8. Be2
b4 9. Na4 Qa5 10. O-O Ba6 11. Bxa6 Qxa6 12. a3 Qb5 13. axb4 Bxb4 14. Bd2 a5 15.
Qc2 O-O 16. e4 h6 17. Be3 Rfe8 18. Rfc1 Rec8 19. h3 Ra6 20. Nc3 Qb7 21. e5 Nd5
22. Nxd5 exd5 23. Qf5 c5 24. dxc5 1/2-1/2

[Event "3MCR_4D_1L_3S"]
[Site "?"]
[Date "1999.??.??"]
[Round "3"]
[White "Sedlacek, Tomas"]
[Black "Svihel, Karel"]
[Result "1/2-1/2"]
[WhiteElo "2190"]
[BlackElo "2300"]
[PlyCount "56"]
[EventDate "1999.??.??"]
[EventType "corr"]

1. d4 Nf6 2. Nf3 g6 3. Bg5 Bg7 4. Nbd2 d5 5. e3 O-O 6. b4 a5 7. a3 Bf5 8. c3
Nbd7 9. Be2 c6 10. O-O h6 11. Bh4 Qe8 12. c4 Bg4 13. bxa5 Rxa5 14. h3 Bxf3 15.
Bxf3 e5 16. Bxf6 Nxf6 17. dxe5 Qxe5 18. cxd5 cxd5 19. Nb3 Raa8 20. Nd4 Ne4 21.
Qd3 Rfc8 22. a4 Ra5 23. Rfb1 Rc4 24. Rb5 Raxa4 25. Rxa4 Rxa4 26. Nc2 Qc3 27.
Qxc3 Nxc3 28. Rxb7 Ra2 1/2-1/2

[Event "3MCR_4D_1L_3S"]
[Site "?"]
[Date "1999.??.??"]
[Round "3"]
[White "Pletanek, Jan"]
[Black "Kropik, Jan"]
[Result "1-0"]
[WhiteElo "2445"]
[BlackElo "2010"]
[PlyCount "83"]
[EventDate "1999.??.??"]
[EventType "corr"]

1. e4 c5 2. Nf3 d6 3. d4 cxd4 4. Nxd4 Nf6 5. Nc3 a6 6. Bg5 e6 7. f4 Be7 8. Qf3
Qc7 9. O-O-O h6 10. Bh4 Nbd7 11. Be2 b5 12. Bxf6 Nxf6 13. e5 Bb7 14. Qg3 dxe5
15. fxe5 Nd5 16. Nxe6 fxe6 17. Qg6+ Kd7 18. Bg4 Qxe5 19. Nxd5 Qg5+ 20. Nf4+ Kc7
21. Qxe6 Qxf4+ 22. Kb1 Kb8 23. Rd7 Bd8 24. Rxb7+ Kxb7 25. Bf3+ Kb8 26. Bxa8
Kxa8 27. Qxa6+ Kb8 28. Qxb5+ Ka8 29. Rd1 Qxh2 30. a3 Qb8 31. Qa6+ Qa7 32. Qe6
Bc7 33. Rd7 g5 34. Qc6+ Kb8 35. Rd3 Rd8 36. Rb3+ Kc8 37. Qe6+ Rd7 38. Rd3 Bd8
39. Qc6+ Rc7 40. Qe6+ Rd7 41. Rd6 Qb7 42. c4 1-0

[Event "3MCR_4D_1L_3S"]
[Site "?"]
[Date "1999.??.??"]
[Round "3"]
[White "Soucha, Stepan"]
[Black "Symersky, Petr"]
[Result "1/2-1/2"]
[WhiteElo "2265"]
[BlackElo "2200"]
[PlyCount "50"]
[EventDate "1999.??.??"]
[EventType "corr"]

1. d4 Nf6 2. c4 e6 3. Nf3 d5 4. g3 Be7 5. Bg2 O-O 6. O-O dxc4 7. Qc2 a6 8. a4
Bd7 9. Qxc4 Bc6 10. Bg5 Bd5 11. Qd3 c5 12. Nc3 Bc6 13. Rfd1 cxd4 14. Nxd4 Bxg2
15. Kxg2 Nbd7 16. Qf3 Qb6 17. a5 Qa7 18. Ne4 Ne5 19. Nxf6+ Bxf6 20. Qf4 Ng6 21.
Qd2 Bxg5 22. Qxg5 Rac8 23. Rac1 b6 24. Nf3 Rxc1 25. Rxc1 Qb7 1/2-1/2

[Event "3MCR_4D_1L_3S"]
[Site "?"]
[Date "1999.??.??"]
[Round "3"]
[White "Fiala, Jaroslav"]
[Black "Kropik, Jan"]
[Result "1/2-1/2"]
[WhiteElo "2445"]
[BlackElo "2010"]
[PlyCount "53"]
[EventDate "1999.??.??"]
[EventType "corr"]

1. d4 Nf6 2. Nf3 e6 3. c4 d5 4. Nc3 c6 5. g3 Ne4 6. Qc2 Qa5 7. cxd5 exd5 8. Bd2
Nxd2 9. Qxd2 Be7 10. Bg2 O-O 11. O-O Be6 12. a3 Nd7 13. b4 Qd8 14. Na4 Re8 15.
Rfc1 Rc8 16. Qd3 g6 17. e3 Bf5 18. Qf1 Bf6 19. Nd2 Bg7 20. Nb3 Nf6 21. Nac5 Qe7
22. Nd3 Ne4 23. Ra2 Nd6 24. Nd2 Ra8 25. a4 a6 26. Nc5 h5 27. h4 1/2-1/2

[Event "3MCR_4D_1L_3S"]
[Site "?"]
[Date "1999.??.??"]
[Round "3"]
[White "Riha, Jan"]
[Black "Kropik, Jan"]
[Result "1-0"]
[WhiteElo "2305"]
[BlackElo "2010"]
[PlyCount "80"]
[EventDate "1999.??.??"]
[EventType "corr"]

1. e4 c5 2. Nf3 d6 3. d4 cxd4 4. Nxd4 Nf6 5. Nc3 a6 6. Be2 e6 7. O-O Be7 8. a4
O-O 9. Be3 Qc7 10. f4 Nc6 11. Kh1 Bd7 12. Nb3 Rac8 13. a5 Nb4 14. Bb6 Qb8 15.
Bf3 Bc6 16. Qe2 d5 17. e5 Nd7 18. Bd4 g6 19. Qf2 Bb5 20. Nxb5 Rxc2 21. Qg3 axb5
22. Bc3 Qc7 23. Bd1 Rxc3 24. Qxc3 Qxc3 25. bxc3 Na6 26. Be2 b4 27. cxb4 Bxb4
28. Rfc1 Rd8 29. Bxa6 bxa6 30. Rc7 Bf8 31. Rac1 Bh6 32. g3 g5 33. Nd4 Nf8 34.
Nc6 Rd7 35. Ne7+ Rxe7 36. Rxe7 gxf4 37. Rc8 fxg3 38. hxg3 Bd2 39. Ree8 Bb4 40.
Rb8 Bc5 1-0

[Event "3MCR_4D_1L_3S"]
[Site "?"]
[Date "1999.??.??"]
[Round "3"]
[White "Kropik, Jan"]
[Black "Hybl, Vladislav"]
[Result "1/2-1/2"]
[WhiteElo "2010"]
[BlackElo "2200"]
[PlyCount "57"]
[EventDate "1999.??.??"]
[EventType "corr"]

1. d4 f5 2. Nf3 Nf6 3. g3 e6 4. Bg2 d5 5. O-O Bd6 6. c4 c6 7. Qb3 O-O 8. Bg5 h6
9. Bxf6 Qxf6 10. Nbd2 b6 11. e3 Bb7 12. cxd5 cxd5 13. Rfc1 Nd7 14. Rc3 Rfc8 15.
Rac1 Qe7 16. a3 Rxc3 17. Rxc3 Rc8 18. Rxc8+ Bxc8 19. Bf1 Nb8 20. Qc2 Qc7 21.
Qxc7 Bxc7 22. Nb3 Nd7 23. Bb5 g5 24. h4 g4 25. Ne1 Nf6 26. Nd2 Kf7 27. Nd3 a6
28. Ba4 Bd7 29. Bc2 1/2-1/2

[Event "3MCR_4D_1L_3S"]
[Site "?"]
[Date "1999.??.??"]
[Round "3"]
[White "Svihel, Karel"]
[Black "Soucha, Stepan"]
[Result "1/2-1/2"]
[WhiteElo "2300"]
[BlackElo "2265"]
[PlyCount "65"]
[EventDate "1999.??.??"]
[EventType "corr"]

1. e4 e5 2. Nf3 Nc6 3. Bb5 a6 4. Ba4 Nf6 5. O-O Be7 6. Re1 b5 7. Bb3 d6 8. c3
O-O 9. h3 Bb7 10. d4 Re8 11. Nbd2 Bf8 12. d5 Nb8 13. Nf1 Nbd7 14. N3h2 Nc5 15.
Bc2 c6 16. dxc6 Bxc6 17. Bg5 h6 18. Bxf6 Qxf6 19. Ng3 Ne6 20. Ng4 Qg5 21. Ne3
Nf4 22. Bb3 g6 23. Nd5 Bxd5 24. Bxd5 Rab8 25. Bb3 b4 26. cxb4 Rxb4 27. Qf3 a5
28. Ne2 a4 29. Nxf4 exf4 30. Bd5 Bg7 31. Rab1 Bxb2 32. Rec1 Kg7 33. Rc7 1/2-1/2

[Event "3MCR_4D_1L_3S"]
[Site "?"]
[Date "1999.??.??"]
[Round "3"]
[White "Novak, Jindrich"]
[Black "Svihel, Karel"]
[Result "1/2-1/2"]
[WhiteElo "2160"]
[BlackElo "2300"]
[PlyCount "54"]
[EventDate "1999.??.??"]
[EventType "corr"]

1. e4 c5 2. f4 Nc6 3. Nf3 e6 4. Nc3 a6 5. a4 d5 6. e5 Nh6 7. g3 Nf5 8. Bh3 Be7
9. Bxf5 exf5 10. d4 O-O 11. Be3 c4 12. Kf2 Be6 13. Ng5 h6 14. Nxe6 fxe6 15. h3
Qb6 16. Qd2 Bb4 17. Kg2 Ba5 18. Qc1 Qc7 19. Ne2 Qf7 20. Bd2 Qh5 21. Kf2 Bd8 22.
b4 cxb3 23. cxb3 Be7 24. Qb2 Rfc8 25. Rac1 Na7 26. Rxc8+ Rxc8 27. Rc1 Qe8
1/2-1/2

[Event "3MCR_4D_1L_3S"]
[Site "?"]
[Date "1999.??.??"]
[Round "3"]
[White "Pletanek, Jan"]
[Black "Adamcik, Martin"]
[Result "1/2-1/2"]
[WhiteElo "2445"]
[BlackElo "2215"]
[PlyCount "51"]
[EventDate "1999.??.??"]
[EventType "corr"]

1. e4 c5 2. Nf3 Nc6 3. d4 cxd4 4. Nxd4 Nf6 5. Nc3 e5 6. Ndb5 d6 7. Bg5 a6 8.
Na3 b5 9. Bxf6 gxf6 10. Nd5 Bg7 11. Bd3 Ne7 12. Nxe7 Qxe7 13. c3 f5 14. O-O O-O
15. Nc2 Qb7 16. exf5 e4 17. Be2 Rd8 18. Bg4 Qe7 19. Re1 d5 20. Bh3 Bb7 21. Qg4
Kh8 22. a3 a5 23. Qh5 Ra6 24. Qe2 Rb6 25. Rad1 b4 26. axb4 1/2-1/2

[Event "3MCR_4D_1L_3S"]
[Site "?"]
[Date "1999.??.??"]
[Round "3"]
[White "Adamcik, Martin"]
[Black "Soucha, Stepan"]
[Result "1/2-1/2"]
[WhiteElo "2215"]
[BlackElo "2265"]
[PlyCount "54"]
[EventDate "1999.??.??"]
[EventType "corr"]

1. d4 d5 2. c4 e6 3. Nc3 Be7 4. Nf3 Nf6 5. Bg5 O-O 6. e3 h6 7. Bh4 b6 8. Bd3
Bb7 9. Bxf6 Bxf6 10. cxd5 exd5 11. O-O c5 12. Rc1 cxd4 13. exd4 Nc6 14. Bb1 Re8
15. Qd3 g6 16. a3 Na5 17. Ba2 Kg7 18. b4 Nc4 19. Nxd5 Bxd5 20. Bxc4 Be4 21. Qb3
Re7 22. d5 Rd7 23. Rcd1 Bxf3 24. Qxf3 Rc8 25. Qb3 Rdc7 26. Bb5 Rc3 27. Qa4 Be5
1/2-1/2

[Event "3MCR_4D_1L_3S"]
[Site "?"]
[Date "1999.??.??"]
[Round "3"]
[White "Fiala, Jaroslav"]
[Black "Pletanek, Jan"]
[Result "1/2-1/2"]
[WhiteElo "2445"]
[BlackElo "2445"]
[PlyCount "59"]
[EventDate "1999.??.??"]
[EventType "corr"]

1. e4 e5 2. Nf3 Nc6 3. Bb5 a6 4. Ba4 Nf6 5. O-O Be7 6. Re1 b5 7. Bb3 O-O 8. a4
Bb7 9. d3 d6 10. c3 Na5 11. Ba2 c5 12. Na3 Qd7 13. axb5 axb5 14. Bd2 h6 15. b4
cxb4 16. cxb4 Nc6 17. Nxb5 Nxb4 18. Bxb4 Qxb5 19. Bc4 Qxb4 20. Rb1 Qc5 21. Rxb7
Ra7 22. Rb5 Qc7 23. Qb3 Nd7 24. Rc1 Nc5 25. Qd1 Bf6 26. Bd5 Qd7 27. Rcb1 Ra1
28. Rb7 Rxb1 29. Rxb1 Qa7 30. g3 1/2-1/2

[Event "3MCR_4D_1L_3S"]
[Site "?"]
[Date "1999.??.??"]
[Round "3"]
[White "Novak, Jindrich"]
[Black "Sedlacek, Tomas"]
[Result "0-1"]
[WhiteElo "2160"]
[BlackElo "2190"]
[PlyCount "62"]
[EventDate "1999.??.??"]
[EventType "corr"]

1. e4 e6 2. d4 d5 3. Nd2 Nf6 4. e5 Nfd7 5. c3 c5 6. Bd3 Nc6 7. Ne2 cxd4 8. cxd4
f6 9. exf6 Nxf6 10. Nf3 Bd6 11. O-O Qc7 12. Bg5 O-O 13. Rc1 Bd7 14. Nc3 a6 15.
Na4 Be8 16. Nc5 Bxc5 17. Rxc5 Bh5 18. Bxf6 Rxf6 19. Be2 Qf4 20. Rxc6 bxc6 21.
Qc1 Bxf3 22. Bxf3 Qxc1 23. Rxc1 Rf4 24. Rxc6 Kf7 25. Kf1 Rxd4 26. Ke2 Ra4 27.
a3 Rb8 28. Rc7+ Kf6 29. Rc2 Ke7 30. h3 Kd6 31. Rd2 Rc4 0-1

[Event "3MCR_4D_1L_3S"]
[Site "?"]
[Date "1999.??.??"]
[Round "3"]
[White "Novak, Jindrich"]
[Black "Kropik, Jan"]
[Result "0-1"]
[WhiteElo "2160"]
[BlackElo "2010"]
[PlyCount "70"]
[EventDate "1999.??.??"]
[EventType "corr"]

1. d4 Nf6 2. c4 e6 3. Nc3 d5 4. Nf3 c5 5. cxd5 Nxd5 6. e4 Nxc3 7. bxc3 cxd4 8.
cxd4 Nc6 9. a3 Be7 10. Bc4 b5 11. Be2 O-O 12. O-O a6 13. Bb2 Bb7 14. Bd3 Rc8
15. Qe2 Bf6 16. Qe3 Na5 17. Rac1 Qb6 18. Bb1 Nc4 19. Qb3 Qa5 20. Bc2 Be7 21. a4
Qb4 22. Ba1 Qxb3 23. Bxb3 Bxe4 24. axb5 axb5 25. Bxc4 Rxc4 26. Rxc4 bxc4 27.
Ne5 f6 28. Ng4 Bd3 29. Rc1 Ba3 30. Re1 Bb4 31. Rc1 Ra8 32. h3 Bd2 33. Rd1 Ra2
34. Ne3 Be2 35. Rb1 c3 0-1

[Event "3MCR_4D_1L_3S"]
[Site "?"]
[Date "1999.??.??"]
[Round "3"]
[White "Hybl, Vladislav"]
[Black "Novak, Jindrich"]
[Result "1-0"]
[WhiteElo "2200"]
[BlackElo "2160"]
[PlyCount "73"]
[EventDate "1999.??.??"]
[EventType "corr"]

1. e4 e5 2. Nf3 Nc6 3. Bb5 a6 4. Ba4 Nf6 5. O-O Be7 6. Re1 b5 7. Bb3 O-O 8. c3
d6 9. h3 Na5 10. Bc2 c5 11. d4 Qc7 12. Nbd2 Nc6 13. dxc5 dxc5 14. Nf1 Rd8 15.
Qe2 Nh5 16. a4 Rb8 17. axb5 axb5 18. Rd1 Rxd1 19. Qxd1 Nf4 20. Ne3 Be6 21. Nd5
Nxd5 22. exd5 Rd8 23. Bxh7+ Kxh7 24. Qc2+ Kg8 25. dxe6 f6 26. Qg6 Bf8 27. Nd2
Qe7 28. Ne4 Rd1+ 29. Kh2 Rxc1 30. Rxc1 Nd8 31. Rd1 Nxe6 32. Rd6 Qf7 33. Nxf6+
Qxf6 34. Qxf6 gxf6 35. Rxe6 Kf7 36. Rb6 b4 37. Kg3 1-0

[Event "3MCR_4D_1L_3S"]
[Site "?"]
[Date "1999.??.??"]
[Round "3"]
[White "Hala, Martin"]
[Black "Hybl, Vladislav"]
[Result "1-0"]
[WhiteElo "2435"]
[BlackElo "2200"]
[PlyCount "65"]
[EventDate "1999.??.??"]
[EventType "corr"]

1. e4 e5 2. Nf3 Nc6 3. Bb5 a6 4. Ba4 Nf6 5. O-O Be7 6. Re1 b5 7. Bb3 O-O 8. c3
d6 9. h3 Bb7 10. d4 Re8 11. Nbd2 Bf8 12. a4 h6 13. Bc2 exd4 14. cxd4 Nb4 15.
Bb1 c5 16. d5 Nd7 17. Ra3 f5 18. Nh2 fxe4 19. Nxe4 Nxd5 20. Ng4 Qh4 21. Rg3 Kh8
22. b3 Qh5 23. Bb2 Bc6 24. Nxh6 N7f6 25. Nxf6 Rxe1+ 26. Qxe1 Nxf6 27. Bxf6 Qxh6
28. Bg5 Qh5 29. Rg4 Re8 30. Qd2 Be7 31. Rh4 Qxh4 32. Bxh4 Bxh4 33. Qxd6 1-0